Bezárul [novella] /

Elmentve itt :
Bibliográfiai részletek
Szerző: Bene Zoltán
Dokumentumtípus: Cikk
Megjelent: 2014
Sorozat:Tiszatáj 68 No. 2
Kulcsszavak:Magyar irodalom - novella
Online Access:http://tiszataj.bibl.u-szeged.hu/22018
LEADER 00565nab a2200181 i 4500
001 tisza22018
005 20200331094808.0
008 170330s2014 hu o 0|| hun d
022 |a 0133-1167 
040 |a SZTE Tiszatáj Archívum  |b hun 
041 |a hun 
100 1 |a Bene Zoltán 
245 1 0 |a Bezárul   |h [elektronikus dokumentum] :  |b [novella] /  |c  Bene Zoltán 
260 |c 2014 
300 |a 42-48 
490 0 |a Tiszatáj  |v 68 No. 2 
695 |a Magyar irodalom - novella 
856 4 0 |u http://tiszataj.bibl.u-szeged.hu/22018/1/tiszataj_2014_002_042-048.pdf  |z Dokumentum-elérés